| 000 | 01429nam a2200361Ia 4500 | ||
|---|---|---|---|
| 001 | ebr10135451 | ||
| 003 | CaPaEBR | ||
| 006 | m u | ||
| 007 | cr cn||||||||| | ||
| 008 | 050413s2005 nyu sb 001 0 eng d | ||
| 010 | _z 2005047657 | ||
| 020 | _z1403978743 | ||
| 020 | _z1403965854 | ||
| 040 |
_aCaPaEBR _cCaPaEBR |
||
| 035 | _a(OCoLC)560462377 | ||
| 041 | 0 |
_aeng _afre |
|
| 050 | 1 | 4 |
_aPQ543 _b.B43 2005eb |
| 082 | 0 | 4 |
_a842/.8099287 _222 |
| 100 | 1 | _aBeach, Cecilia. | |
| 245 | 1 | 0 |
_aStaging politics and gender _h[electronic resource] : _bFrench women's drama, 1880-1923 / _cCecilia Beach. |
| 250 | _a1st ed. | ||
| 260 |
_aNew York : _bPalgrave Macmillan, _c2005. |
||
| 300 | _a186 p. | ||
| 504 | _aIncludes bibliographical references (p. [144]-179) and index. | ||
| 533 |
_aElectronic reproduction. _bPalo Alto, Calif. : _cebrary, _d2009. _nAvailable via World Wide Web. _nAccess may be limited to ebrary affiliated libraries. |
||
| 650 | 0 |
_aFrench drama _y19th century _xHistory and criticism. |
|
| 650 | 0 |
_aFrench drama _y20th century _xHistory and criticism. |
|
| 650 | 0 |
_aFrench drama _xWomen authors _xHistory and criticism. |
|
| 650 | 0 |
_aWomen and literature _zFrance _xHistory _y20th century. |
|
| 655 | 7 |
_aElectronic books. _2local |
|
| 710 | 2 | _aebrary, Inc. | |
| 856 | 4 | 0 |
_uhttp://site.ebrary.com/lib/rucke/Doc?id=10135451 _zAn electronic book accessible through the World Wide Web; click to view |
| 999 |
_c187608 _d187608 |
||